[Event "VL 2017/18"]
[Site "Mecklenburg-Vorpommern"]
[Date "2018.01.21"]
[Round "5.5"]
[White "Hertel, Johannes"]
[Black "Hasselmann, Dieter"]
[Result "0-1"]
[WhiteElo "1895"]
[BlackElo "2045"]
[PlyCount "84"]
[EventDate "2017.??.??"]
[EventType "team-tourn"]
[EventRounds "9"]
[SourceDate "2017.10.08"]
[WhiteTeam "Greifswalder SV II"]
[BlackTeam "SF Schwerin II"]

1. d4 d5 2. c4 e6 3. Nf3 Nf6 4. g3 Be7 5. Bg2 O-O 6. O-O c5 7. cxd5 Nxd5 8. Nc3
Nxc3 9. bxc3 Nc6 10. Bf4 g5 11. Be3 c4 12. Qc1 f6 13. Rd1 Na5 14. d5 exd5 15.
Nxg5 fxg5 16. Rxd5 Qc7 17. Bxg5 Rf5 18. Qe3 Bxg5 19. Qe8+ Kg7 20. Rxf5 Bxf5 21.
Qxa8 Nc6 22. Bd5 Ne7 23. Qxb7 Qe5 24. h4 Qxc3 25. Rd1 Qc2 26. Rd4 Bf6 27. Rxc4
Qd1+ 28. Kh2 Qxd5 29. Qxd5 Nxd5 30. e4 Nb6 31. Rc7+ Bd7 32. a4 Kf8 33. a5 Ke8
34. axb6 axb6 35. f4 Bd4 36. Rc4 Be3 37. Kg2 b5 38. Rc3 Bd4 39. Rd3 Bc5 40. Rd5
Ba3 41. Kf2 Bc6 42. Rd6 Bxd6 0-1

[Event "VL 2017/18"]
[Site "Mecklenburg-Vorpommern"]
[Date "2018.01.21"]
[Round "5.6"]
[White "Wandel, Bernd"]
[Black "Dombrowski, Frank"]
[Result "1-0"]
[WhiteElo "2009"]
[BlackElo "1956"]
[PlyCount "99"]
[EventDate "2017.??.??"]
[EventType "team-tourn"]
[EventRounds "9"]
[SourceDate "2017.10.08"]
[WhiteTeam "SF Schwerin II"]
[BlackTeam "Greifswalder SV II"]

1. d4 c6 2. c4 d5 3. Nc3 Nf6 4. Nf3 e6 5. Bg5 Nbd7 6. e3 Be7 7. Qc2 O-O 8.
O-O-O b6 9. h4 Bb7 10. Bxf6 Nxf6 11. Ne5 Nd7 12. g4 Nxe5 13. dxe5 Qc7 14. f4
dxc4 15. Bxc4 c5 16. Rh2 Rfd8 17. Bd3 h6 18. g5 c4 19. Be4 Rxd1+ 20. Kxd1 Rd8+
21. Rd2 a6 22. gxh6 gxh6 23. Kc1 Rxd2 24. Qxd2 Bxe4 25. Nxe4 Qd8 26. h5 Qxd2+
27. Kxd2 Bb4+ 28. Kc2 b5 29. a3 Be7 30. Kc3 Kf8 31. Kd4 Ke8 32. Nc5 Kd8 33.
Nxa6 Kd7 34. Nc5+ Kc6 35. Ne4 Bf8 36. Nd2 Bc5+ 37. Ke4 Be7 38. Nf3 c3 39. b4
Bh4 40. Nd4+ Kb6 41. Kd3 Bf2 42. Nc2 Kc6 43. Kxc3 Kb6 44. Kd3 Bg3 45. Ke4 Bh4
46. Nd4 Be7 47. Kf3 Bf8 48. f5 exf5 49. Nxf5 Kc6 50. Ke4 1-0

[Event "VL 2017/18"]
[Site "Mecklenburg-Vorpommern"]
[Date "2018.01.21"]
[Round "5.8"]
[White "Helms, Sven"]
[Black "Grehl, Tino"]
[Result "1/2-1/2"]
[WhiteElo "1884"]
[BlackElo "1869"]
[PlyCount "87"]
[EventDate "2017.??.??"]
[EventType "team-tourn"]
[EventRounds "9"]
[SourceDate "2017.10.08"]
[WhiteTeam "SF Schwerin II"]
[BlackTeam "Greifswalder SV II"]

1. d4 d5 2. c4 e6 3. Nc3 Nf6 4. Bg5 Be7 5. e3 O-O 6. Nf3 h6 7. Bxf6 Bxf6 8. Rc1
c6 9. Bd3 Nd7 10. O-O dxc4 11. Bxc4 Re8 12. e4 Nf8 13. e5 Be7 14. Bd3 b6 15.
Qe2 Bb7 16. Rfd1 Qb8 17. Be4 f5 18. exf6 Bxf6 19. Ne5 Qd6 20. Bf3 Rac8 21. Ne4
Qe7 22. Nxc6 Bxc6 23. Nxf6+ Qxf6 24. Rxc6 Rxc6 25. Bxc6 Rd8 26. Qe4 Kh8 27. Ba4
Qg5 28. Bb3 Qf6 29. h3 Rc8 30. Bc2 Rd8 31. Rd3 Qg5 32. Rf3 Kg8 33. Bb3 Qc1+ 34.
Kh2 Qc7+ 35. g3 Qd6 36. Rd3 Kh8 37. f4 Rc8 38. Rc3 Rd8 39. Rd3 Rc8 40. Kg2 Rd8
41. Kf3 Rc8 42. Rc3 Rd8 43. Ke3 Qd7 44. Bc2 1/2-1/2

[Event "VL 2017/18"]
[Site "Mecklenburg-Vorpommern"]
[Date "2018.01.21"]
[Round "5.1"]
[White "Schmekel, Florian"]
[Black "Mangold, Thomas"]
[Result "1/2-1/2"]
[WhiteElo "2040"]
[BlackElo "2002"]
[PlyCount "82"]
[EventDate "2017.??.??"]
[EventType "team-tourn"]
[EventRounds "9"]
[SourceDate "2017.10.08"]
[WhiteTeam "SAV Torgelow"]
[BlackTeam "SSC Rostock 07"]

1. d4 Nf6 2. c4 e6 3. Nf3 b6 4. a3 Ba6 5. Qc2 Bb7 6. Nc3 c5 7. Bf4 Nh5 8. Bg3
cxd4 9. Nb5 Nxg3 10. hxg3 g6 11. Nbxd4 Be7 12. Rd1 a6 13. e3 Nc6 14. Nxc6 Bxc6
15. Ne5 Qc7 16. Nxc6 Qxc6 17. Bd3 Rc8 18. O-O O-O 19. Qe2 a5 20. Rc1 d5 21. Rc2
dxc4 22. Bxc4 Rfd8 23. Rfc1 Qe4 24. Qf3 Qxf3 25. gxf3 Kg7 26. f4 Rd6 27. Be2
Rxc2 28. Rxc2 Rd7 29. Kf1 h5 30. Kg2 Kf6 31. Kf3 Bf8 32. g4 hxg4+ 33. Kxg4 Bc5
34. Kf3 Be7 35. Ke4 Bc5 36. Kf3 Be7 37. Bb5 Rd5 38. Bf1 Rd7 39. Ke2 Bf8 40. Bg2
Be7 41. Be4 Bf8 1/2-1/2

[Event "VL 2017/18"]
[Site "Mecklenburg-Vorpommern"]
[Date "2018.01.21"]
[Round "5.3"]
[White "Bauer, Norbert"]
[Black "Tin, Sergey"]
[Result "1/2-1/2"]
[WhiteElo "1979"]
[BlackElo "2034"]
[PlyCount "84"]
[EventDate "2017.??.??"]
[EventType "team-tourn"]
[EventRounds "9"]
[SourceDate "2017.10.08"]
[WhiteTeam "SAV Torgelow"]
[BlackTeam "SSC Rostock 07"]

1. d4 Nf6 2. c4 e6 3. Nc3 Bb4 4. a3 Bxc3+ 5. bxc3 c5 6. e3 O-O 7. Bd3 d6 8. Ne2
Nc6 9. O-O e5 10. Ng3 b6 11. f4 Re8 12. fxe5 dxe5 13. Qf3 Qc7 14. Ne4 Nxe4 15.
Bxe4 Bb7 16. Qh3 h6 17. Qf5 g6 18. Qh3 Kg7 19. Bd5 f6 20. e4 g5 21. Rxf6 Kxf6
22. Qxh6+ Ke7 23. Bxg5+ Kd7 24. Qh3+ Kd6 25. Rf1 cxd4 26. Rf7 Qc8 27. c5+ Kxc5
28. cxd4+ exd4 29. Qd3 Ne5 30. Qc2+ Kd6 31. Rf6+ Kd7 32. Qa4+ Bc6 33. Qxd4 Kc7
34. Bxc6 Nxc6 35. Qd6+ Kb7 36. Rf7+ Ne7 37. Bxe7 Qc1+ 38. Kf2 Qb2+ 39. Ke3 Qb3+
40. Qd3 Qxf7 41. Qd7+ Ka6 42. Qa4+ Kb7 1/2-1/2

[Event "VL 2017/18"]
[Site "Mecklenburg-Vorpommern"]
[Date "2018.01.21"]
[Round "5.4"]
[White "Heinicke, Wenke"]
[Black "Ehlers, Michael"]
[Result "1-0"]
[WhiteElo "1889"]
[BlackElo "1858"]
[PlyCount "71"]
[EventDate "2017.??.??"]
[EventType "team-tourn"]
[EventRounds "9"]
[SourceDate "2017.10.08"]
[WhiteTeam "SSC Rostock 07"]
[BlackTeam "SAV Torgelow"]

1. d4 Nf6 2. c4 g6 3. Nc3 d5 4. Bg5 Ne4 5. Bh4 g5 6. Bg3 Nxg3 7. hxg3 e6 8. e3
b6 9. cxd5 exd5 10. Bd3 h6 11. Nf3 Bg7 12. Ne5 c6 13. Rc1 Bb7 14. f4 Nd7 15.
Qf3 Nxe5 16. fxe5 Qe7 17. O-O h5 18. e4 g4 19. Qf2 h4 20. exd5 hxg3 21. Qxg3
Qh4 22. Qxh4 Rxh4 23. dxc6 Bxc6 24. Bb5 Bxb5 25. Nxb5 Rd8 26. Nd6+ Rxd6 27. g3
Rh3 28. exd6 Rxg3+ 29. Kh2 Rh3+ 30. Kg2 Bxd4 31. Rc7 f6 32. Rxa7 Rd3 33. Rh1 f5
34. d7+ Kd8 35. Rh7 Rd2+ 36. Kf1 1-0

[Event "VL 2017/18"]
[Site "Mecklenburg-Vorpommern"]
[Date "2018.01.21"]
[Round "5.5"]
[White "Lehmann, Ruben"]
[Black "Jeske, Holger"]
[Result "1-0"]
[WhiteElo "1929"]
[BlackElo "1832"]
[PlyCount "119"]
[EventDate "2017.??.??"]
[EventType "team-tourn"]
[EventRounds "9"]
[SourceDate "2017.10.08"]
[WhiteTeam "SAV Torgelow"]
[BlackTeam "SSC Rostock 07"]

1. d4 d5 2. c4 e6 3. Nc3 f5 4. g3 Nf6 5. Bg2 c6 6. Nh3 Bb4 7. Qb3 a5 8. O-O O-O
9. c5 b6 10. Na4 bxc5 11. dxc5 Na6 12. Qc2 Qe7 13. Be3 e5 14. Rac1 Ne4 15. f3
d4 16. fxe4 dxe3 17. Nb6 Ra7 18. Nxc8 Rxc8 19. Rxf5 Rf8 20. Qb3+ Kh8 21. Rxf8+
Qxf8 22. Rf1 Qe7 23. a3 Bxc5 24. Qc4 h6 25. Rf5 g6 26. Rf1 Qd6 27. Rf7 Nc7 28.
Bf1 Ra8 29. Rxc7 Qxc7 30. Qxc5 Kg7 31. Qxe3 Rb8 32. Qc3 Qb6+ 33. Nf2 Qxb2 34.
Qxc6 Rb7 35. Nd3 Qd4+ 36. Kg2 Rf7 37. Qd5 Qxd5 38. exd5 e4 39. Nf4 Kf6 40. e3
g5 41. Ne6 Ke5 42. Nd4 Kxd5 43. a4 Kc5 44. Bb5 Rf6 45. Nb3+ Kb4 46. Nd2 Re6 47.
Kf2 h5 48. Ke2 g4 49. Bd7 Re5 50. Bc6 Rc5 51. Bb5 Rc2 52. Kd1 Ra2 53. Nxe4 Rxh2
54. Nf6 Kc5 55. Ke1 Kd6 56. Ne4+ Ke5 57. Nd2 Rh1+ 58. Nf1 h4 59. Bc6 Rh3 60.
Bg2 1-0

[Event "VL 2017/18"]
[Site "Mecklenburg-Vorpommern"]
[Date "2018.01.21"]
[Round "5.6"]
[White "Hodl, Ingolf"]
[Black "Otto, Martin"]
[Result "1-0"]
[WhiteElo "1849"]
[BlackElo "1853"]
[PlyCount "37"]
[EventDate "2017.??.??"]
[EventType "team-tourn"]
[EventRounds "9"]
[SourceDate "2017.10.08"]
[WhiteTeam "SSC Rostock 07"]
[BlackTeam "SAV Torgelow"]

1. e4 e6 2. d3 d5 3. Nd2 Nf6 4. Ngf3 Be7 5. g3 Bd7 6. e5 Ng8 7. Bg2 c5 8. O-O
Bc6 9. d4 Nd7 10. c3 h5 11. h4 g5 12. Nxg5 Bxg5 13. hxg5 Qxg5 14. Ne4 Qg7 15.
Nd6+ Ke7 16. c4 h4 17. cxd5 h3 18. Be4 cxd4 19. dxc6 1-0

[Event "VL 2017/18"]
[Site "Mecklenburg-Vorpommern"]
[Date "2018.01.21"]
[Round "5.7"]
[White "Balz, Christian"]
[Black "Schulze, Christoph"]
[Result "0-1"]
[WhiteElo "1637"]
[BlackElo "1613"]
[PlyCount "52"]
[EventDate "2017.??.??"]
[EventType "team-tourn"]
[EventRounds "9"]
[SourceDate "2017.10.08"]
[WhiteTeam "SAV Torgelow"]
[BlackTeam "SSC Rostock 07"]

1. e4 d6 2. d4 Nf6 3. Nc3 c6 4. f3 Nbd7 5. Be3 e5 6. Nge2 Be7 7. Qd2 O-O 8. g4
Nb6 9. Ng3 Qc7 10. g5 Ne8 11. O-O-O f5 12. f4 fxe4 13. Ncxe4 d5 14. dxe5 dxe4
15. Nxe4 Bg4 16. Re1 Nd5 17. Bc4 Rd8 18. Qg2 Bf5 19. Nc3 Kh8 20. Nb1 b5 21. Bb3
Nxe3 22. Rxe3 c5 23. g6 c4 24. Rc3 Bb4 25. Rh3 Bxh3 26. Qxh3 h6 0-1

[Event "VL 2017/18"]
[Site "Mecklenburg-Vorpommern"]
[Date "2018.01.21"]
[Round "5.8"]
[White "Krautschick, Clemens"]
[Black "Massloch, Philipp"]
[Result "0-1"]
[WhiteElo "1831"]
[BlackElo "1628"]
[PlyCount "100"]
[EventDate "2017.??.??"]
[EventType "team-tourn"]
[EventRounds "9"]
[SourceDate "2017.10.08"]
[WhiteTeam "SSC Rostock 07"]
[BlackTeam "SAV Torgelow"]

1. c4 e5 2. g3 Nc6 3. Bg2 g6 4. Nc3 Bg7 5. d3 Nf6 6. e3 O-O 7. Nge2 d6 8. O-O
Be6 9. h3 Qd7 10. Kh2 Rab8 11. f4 e4 12. a3 Rfe8 13. g4 Na5 14. d4 Bxc4 15. b4
Nb3 16. Rb1 Nxc1 17. Rxc1 d5 18. Rf2 Qd6 19. Ng3 Bd3 20. Na4 b6 21. g5 Nd7 22.
Nb2 Bb5 23. a4 Bc6 24. Qc2 Bb7 25. Qxc7 Qxc7 26. Rxc7 Nf8 27. f5 Rec8 28. Rfc2
Re8 29. f6 Bh8 30. h4 Ne6 31. R7c3 h6 32. Bh3 hxg5 33. Bxe6 gxh4 34. Bxf7+ Kxf7
35. Rc7+ Kxf6 36. Rf2+ Ke6 37. Ne2 g5 38. Nd1 Re7 39. Rc1 Rc8 40. Rxc8 Bxc8 41.
Ndc3 Bb7 42. Rf8 Bf6 43. Kh3 Rf7 44. Rxf7 Kxf7 45. Nb5 Bc8+ 46. Kg2 Bd7 47.
Nxa7 Bxa4 48. Nc3 Bb3 49. Nab5 Bd8 50. Ne2 Be7 0-1

[Event "VL 2017/18"]
[Site "Mecklenburg-Vorpommern"]
[Date "2018.01.21"]
[Round "5.1"]
[White "Focke, Adrian"]
[Black "Wolke, Heiko"]
[Result "0-1"]
[WhiteElo "1900"]
[BlackElo "1988"]
[PlyCount "82"]
[EventDate "2017.??.??"]
[EventType "team-tourn"]
[EventRounds "9"]
[SourceDate "2017.10.08"]
[WhiteTeam "SF Schwerin III"]
[BlackTeam "SFO Warnemuende"]

1. e4 c6 2. d4 d5 3. Nc3 dxe4 4. Nxe4 Nf6 5. Nxf6+ exf6 6. c3 Bd6 7. Bd3 O-O 8.
Qh5 g6 9. Qh4 c5 10. Be3 cxd4 11. Bxd4 Be5 12. Bxe5 fxe5 13. Qxd8 Rxd8 14.
O-O-O Nc6 15. Nf3 Bg4 16. Be4 f6 17. h3 Be6 18. b3 Kf7 19. Rxd8 Rxd8 20. Rd1
Ke7 21. Rxd8 Nxd8 22. Nd2 f5 23. Bd3 e4 24. Bc4 Nc6 25. Bxe6 Kxe6 26. Nc4 Ne5
27. Nxe5 Kxe5 28. Kd2 f4 29. a3 g5 30. f3 h5 31. fxe4 Kxe4 32. Ke2 g4 33. h4 b6
34. a4 a6 35. b4 b5 36. a5 Kd5 37. Kd3 f3 38. gxf3 gxf3 39. Ke3 Kc4 40. Kxf3
Kxc3 41. Kf4 Kxb4 0-1

[Event "VL 2017/18"]
[Site "Mecklenburg-Vorpommern"]
[Date "2018.01.21"]
[Round "5.2"]
[White "Ruesch, Hans Joachim"]
[Black "Schumacher, Ole"]
[Result "0-1"]
[WhiteElo "1998"]
[BlackElo "1835"]
[PlyCount "82"]
[EventDate "2017.??.??"]
[EventType "team-tourn"]
[EventRounds "9"]
[SourceDate "2017.10.08"]
[WhiteTeam "SFO Warnemuende"]
[BlackTeam "SF Schwerin III"]

1. d4 Nf6 2. Nf3 e6 3. c4 Bb4+ 4. Nbd2 d6 5. a3 Bxd2+ 6. Qxd2 O-O 7. Qc2 Re8 8.
Bg5 e5 9. dxe5 dxe5 10. e4 Bg4 11. Be2 h6 12. Be3 Nc6 13. Rd1 Qe7 14. Ng1 Rad8
15. f3 Be6 16. Bd3 Nd7 17. Ne2 Nc5 18. O-O Nxd3 19. Rxd3 Rxd3 20. Qxd3 Na5 21.
c5 Nc4 22. b4 Rd8 23. Qc3 Qd7 24. Nc1 f6 25. g4 Qa4 26. Ne2 Qxa3 27. Qxa3 Nxa3
28. Rc1 Nc4 29. Bf2 Rd2 30. Nc3 a6 31. c6 bxc6 32. Ra1 Rc2 33. Na4 Nd2 34. Nc5
Nxf3+ 35. Kg2 Bxg4 36. Nxa6 Rb2 37. Kg3 Bh5 38. Bc5 Nd2 39. Nxc7 Nxe4+ 40. Kh3
f5 41. Ra8+ Kh7 0-1

[Event "VL 2017/18"]
[Site "Mecklenburg-Vorpommern"]
[Date "2018.01.21"]
[Round "5.3"]
[White "Kross, Gunnar"]
[Black "Schumacher, Dirk"]
[Result "1/2-1/2"]
[WhiteElo "1970"]
[BlackElo "1960"]
[PlyCount "21"]
[EventDate "2017.??.??"]
[EventType "team-tourn"]
[EventRounds "9"]
[SourceDate "2017.10.08"]
[WhiteTeam "SF Schwerin III"]
[BlackTeam "SFO Warnemuende"]

1. d4 Nf6 2. Nf3 d5 3. Bf4 Bf5 4. e3 e6 5. Bd3 Bxd3 6. cxd3 Bd6 7. Bxd6 Qxd6 8.
O-O O-O 9. Nc3 Nc6 10. Rc1 a6 11. a3 1/2-1/2

[Event "VL 2017/18"]
[Site "Mecklenburg-Vorpommern"]
[Date "2018.01.21"]
[Round "5.4"]
[White "Hamann, Dirk"]
[Black "Fischer, Torsten"]
[Result "1-0"]
[WhiteElo "1888"]
[BlackElo "1955"]
[PlyCount "73"]
[EventDate "2017.??.??"]
[EventType "team-tourn"]
[EventRounds "9"]
[SourceDate "2017.10.08"]
[WhiteTeam "SFO Warnemuende"]
[BlackTeam "SF Schwerin III"]

1. e4 c5 2. Nf3 Nc6 3. d4 cxd4 4. Nxd4 Nf6 5. Nc3 a6 6. Be2 e5 7. Nxc6 bxc6 8.
Bf3 Bb4 9. O-O O-O 10. Bg5 Rb8 11. Ne2 Be7 12. b3 d6 13. c4 h6 14. Bxf6 Bxf6
15. Ng3 a5 16. Rb1 Be6 17. Qd3 Qc8 18. Qxd6 c5 19. Nh5 Rd8 20. Nxf6+ gxf6 21.
Qe7 Kg7 22. Rbd1 Re8 23. Qd6 Ra8 24. Rd2 Ra6 25. Qd3 a4 26. Rfd1 axb3 27. axb3
Qc7 28. Qc3 Rb8 29. Bh5 Rab6 30. Qg3+ Kh7 31. Rd3 Qb7 $2 32. Qh4 $4 (32. Rd8 $3
{nebst matt}) 32... Rxb3 33. Rxb3 Qxb3 34. Qxf6 Rg8 35. h4 Bh3 36. Qxf7+ Rg7
37. Bg6+ 1-0

[Event "VL 2017/18"]
[Site "Mecklenburg-Vorpommern"]
[Date "2018.01.21"]
[Round "5.5"]
[White "Kupfernagel, Michael"]
[Black "Boecking, Uwe"]
[Result "1-0"]
[WhiteElo "1935"]
[BlackElo "1719"]
[PlyCount "41"]
[EventDate "2017.??.??"]
[EventType "team-tourn"]
[EventRounds "9"]
[SourceDate "2017.10.08"]
[WhiteTeam "SF Schwerin III"]
[BlackTeam "SFO Warnemuende"]

1. d4 Nf6 2. Nc3 d5 3. Bg5 Nbd7 4. f3 c6 5. e3 e5 6. Nge2 Be7 7. Qd3 Nh5 8.
Bxe7 Qxe7 9. O-O-O Nb6 10. Kb1 f5 11. dxe5 Qxe5 12. e4 fxe4 13. fxe4 Nf6 14.
exd5 Nbxd5 15. Nxd5 Nxd5 16. Ng3 Bg4 17. Be2 Bxe2 18. Nxe2 O-O-O 19. Qh3+ Kb8
20. Nc1 Qe3 21. Rxd5 1-0

[Event "VL 2017/18"]
[Site "Mecklenburg-Vorpommern"]
[Date "2018.01.21"]
[Round "5.6"]
[White "Herholz, Holger"]
[Black "Goertz, Frank"]
[Result "1/2-1/2"]
[WhiteElo "1766"]
[BlackElo "1869"]
[PlyCount "29"]
[EventDate "2017.??.??"]
[EventType "team-tourn"]
[EventRounds "9"]
[SourceDate "2017.10.08"]
[WhiteTeam "SFO Warnemuende"]
[BlackTeam "SF Schwerin III"]

1. d4 d5 2. c4 c6 3. e3 Nf6 4. Nc3 e6 5. a4 Be7 6. Nf3 O-O 7. cxd5 exd5 8. Be2
Bg4 9. O-O Nbd7 10. h3 Bh5 11. Nh2 Bxe2 12. Qxe2 Re8 13. Bd2 Bd6 14. Rac1 Qe7
15. Rfe1 1/2-1/2

[Event "VL 2017/18"]
[Site "Mecklenburg-Vorpommern"]
[Date "2018.01.21"]
[Round "5.7"]
[White "Voll, Andreas"]
[Black "Staben, Norbert"]
[Result "1/2-1/2"]
[WhiteElo "1819"]
[BlackElo "1706"]
[PlyCount "40"]
[EventDate "2017.??.??"]
[EventType "team-tourn"]
[EventRounds "9"]
[SourceDate "2017.10.08"]
[WhiteTeam "SF Schwerin III"]
[BlackTeam "SFO Warnemuende"]

1. e4 c5 2. Nf3 Nc6 3. Be2 g6 4. O-O Bg7 5. Nc3 a6 6. a4 e6 7. Re1 Nge7 8. Bc4
O-O 9. d3 d5 10. exd5 exd5 11. Bb3 h6 12. h3 Be6 13. Bf4 Nf5 14. Qd2 Kh7 15.
Ne5 Nxe5 16. Bxe5 Nd4 17. Ba2 Qd7 18. Bxg7 Kxg7 19. Re5 Nc6 20. Ree1 Nd4
1/2-1/2

[Event "VL 2017/18"]
[Site "Mecklenburg-Vorpommern"]
[Date "2018.01.21"]
[Round "5.8"]
[White "Schmidt, Reinhard"]
[Black "Focke, Yannick"]
[Result "1-0"]
[WhiteElo "1773"]
[BlackElo "1271"]
[PlyCount "55"]
[EventDate "2017.??.??"]
[EventType "team-tourn"]
[EventRounds "9"]
[SourceDate "2017.10.08"]
[WhiteTeam "SFO Warnemuende"]
[BlackTeam "SF Schwerin III"]

1. e4 c5 2. Nf3 e6 3. c3 Qc7 4. d4 cxd4 5. cxd4 Bb4+ 6. Bd2 Bxd2+ 7. Qxd2 a6 8.
Nc3 d6 9. Rc1 Qd7 10. Be2 Ne7 11. O-O Nbc6 12. Na4 Qd8 13. d5 Ne5 14. Nxe5 dxe5
15. d6 b5 16. Rc7 Ng6 17. Nb6 Rb8 18. Nxc8 O-O 19. Ne7+ Nxe7 20. Rxe7 Rb6 21.
Rd1 Re8 22. Rxe8+ Qxe8 23. d7 Qd8 24. Qc3 Rb8 25. Qxe5 h6 26. Qxb8 Qxb8 27.
d8=Q+ Qxd8 28. Rxd8+ 1-0

[Event "VL 2017/18"]
[Site "Mecklenburg-Vorpommern"]
[Date "2018.02.25"]
[Round "6.1"]
[White "Focke, Adrian"]
[Black "Waschk, Armin"]
[Result "0-1"]
[WhiteElo "1900"]
[BlackElo "2117"]
[PlyCount "76"]
[EventDate "2017.??.??"]
[EventType "team-tourn"]
[EventRounds "9"]
[SourceDate "2017.10.08"]
[WhiteTeam "SF Schwerin III"]
[BlackTeam "SG Guestrow/Teterow"]

1. e4 d5 2. exd5 Qxd5 3. Nc3 Qa5 4. d4 c6 5. Nf3 Nf6 6. Be2 Bf5 7. O-O Nbd7 8.
a3 e6 9. Be3 Bd6 10. b4 Qc7 11. Na4 O-O 12. c4 Ng4 13. h3 Nxe3 14. fxe3 Nf6 15.
Nd2 Rad8 16. Nc3 Bg6 17. Bf3 Rfe8 18. Nde4 Nxe4 19. Nxe4 Be7 20. Qb3 f5 21. Nc3
Bf7 22. Rad1 e5 23. d5 e4 24. Be2 Qg3 25. Rxf5 Qxe3+ 26. Kh1 Bf6 27. Rxf6 gxf6
28. Qc2 cxd5 29. Nxd5 Bxd5 30. cxd5 Rd6 31. Qb2 Qf4 32. Rf1 Qe5 33. Qb3 f5 34.
Qe3 Kh8 35. Qxa7 Rg8 36. Qe3 Rg3 37. Qf2 Rxd5 38. Bg4 e3 0-1

[Event "VL 2017/18"]
[Site "Mecklenburg-Vorpommern"]
[Date "2018.02.25"]
[Round "6.2"]
[White "Dettmann, Gerd"]
[Black "Schumacher, Ole"]
[Result "1-0"]
[WhiteElo "2107"]
[BlackElo "1835"]
[PlyCount "55"]
[EventDate "2017.??.??"]
[EventType "team-tourn"]
[EventRounds "9"]
[SourceDate "2017.10.08"]
[WhiteTeam "SG Guestrow/Teterow"]
[BlackTeam "SF Schwerin III"]

1. e4 c5 2. Nf3 d6 3. d4 cxd4 4. Nxd4 Nf6 5. Nc3 a6 6. Bg5 e6 7. Qd2 h6 8. Bxf6
Qxf6 9. O-O-O Nc6 10. Nb3 b5 11. f4 Qd8 12. g4 Be7 13. Kb1 Rb8 14. h4 b4 15.
Ne2 a5 16. Ned4 Nxd4 17. Nxd4 Bd7 18. Be2 g6 19. f5 Bxh4 20. Nf3 Be7 21. Rxh6
Rxh6 22. Qxh6 gxf5 23. exf5 Qb6 24. fxe6 Bxe6 25. Nd4 d5 26. Bb5+ Bd7 27. Qh8+
Bf8 28. Re1+ 1-0

[Event "VL 2017/18"]
[Site "Mecklenburg-Vorpommern"]
[Date "2018.02.25"]
[Round "6.3"]
[White "Kross, Gunnar"]
[Black "Fidorra, Thomas"]
[Result "0-1"]
[WhiteElo "1970"]
[BlackElo "2014"]
[PlyCount "76"]
[EventDate "2017.??.??"]
[EventType "team-tourn"]
[EventRounds "9"]
[SourceDate "2017.10.08"]
[WhiteTeam "SF Schwerin III"]
[BlackTeam "SG Guestrow/Teterow"]

1. d4 Nf6 2. Nf3 d5 3. c4 e6 4. Nc3 dxc4 5. e3 a6 6. Bxc4 b5 7. Bb3 Bb7 8. O-O
Be7 9. Ne5 O-O 10. Qe2 c5 11. dxc5 Qc7 12. Nd3 Nbd7 13. a3 Qc6 14. f3 Nxc5 15.
Nb4 Qb6 16. Bc2 a5 17. Nd3 b4 18. Nxc5 Qxc5 19. Na4 Qc6 20. b3 Rfd8 21. Rd1
Rac8 22. Rxd8+ Bxd8 23. Bd3 Nd5 24. Bc4 Bf6 25. Ra2 Nc3 26. Nxc3 bxc3 27. Rc2
Qc5 28. Ba6 Qb6 29. Bc4 Bd5 30. Kf1 Bxc4 31. bxc4 Qb3 32. e4 h6 33. f4 Rxc4 34.
e5 Be7 35. g3 a4 36. Ke1 Rd4 37. Be3 Re4 38. Qd3 Rxe3+ 0-1

[Event "VL 2017/18"]
[Site "Mecklenburg-Vorpommern"]
[Date "2018.02.25"]
[Round "6.4"]
[White "Kiel, Bernd"]
[Black "Fischer, Torsten"]
[Result "0-1"]
[WhiteElo "1892"]
[BlackElo "1955"]
[PlyCount "80"]
[EventDate "2017.??.??"]
[EventType "team-tourn"]
[EventRounds "9"]
[SourceDate "2017.10.08"]
[WhiteTeam "SG Guestrow/Teterow"]
[BlackTeam "SF Schwerin III"]

1. e4 c5 2. c3 Nc6 3. d4 e6 4. d5 exd5 5. exd5 Qe7+ 6. Be3 Ne5 7. Be2 Nf6 8. h3
d6 9. Nf3 g6 10. O-O Bg7 11. Nxe5 Qxe5 12. Bb5+ Kd8 13. Nd2 a6 14. Nc4 Qe7 15.
Nb6 Rb8 16. Be2 Bf5 17. b4 Ne4 18. Rc1 Nxc3 19. Rxc3 Bxc3 20. bxc5 Re8 21. cxd6
Qxd6 22. Qc1 Qb4 23. d6 Rxe3 24. Qxe3 Bf6 25. Nd5 Qd4 26. Nxf6 Qxf6 27. Re1 Be6
28. Qb6+ Ke8 29. Bxa6 Kf8 30. d7 Kg7 31. Rd1 Rd8 32. Bxb7 Rxd7 33. Rxd7 Qa1+
34. Kh2 Bxd7 35. Qa5 Be6 36. a3 Qd4 37. Qc7 Qxf2 38. a4 g5 39. a5 Bxh3 40. Kxh3
Qh4# 0-1

[Event "VL 2017/18"]
[Site "Mecklenburg-Vorpommern"]
[Date "2018.02.25"]
[Round "6.5"]
[White "Kutschke, Peter"]
[Black "Ramp, Oliver"]
[Result "1/2-1/2"]
[WhiteElo "1933"]
[BlackElo "1811"]
[PlyCount "32"]
[EventDate "2017.??.??"]
[EventType "team-tourn"]
[EventRounds "9"]
[SourceDate "2017.10.08"]
[WhiteTeam "SF Schwerin III"]
[BlackTeam "SG Guestrow/Teterow"]

1. e4 c5 2. c4 e5 3. d3 d6 4. g3 g6 5. Bg2 Bg7 6. Nc3 Nc6 7. Nge2 Nge7 8. O-O
O-O 9. Be3 Be6 10. h3 Qd7 11. Kh2 h6 12. f4 Nd4 13. Nd5 f5 14. Qd2 Kh7 15. Rae1
Rae8 16. b3 b6 1/2-1/2

[Event "VL 2017/18"]
[Site "Mecklenburg-Vorpommern"]
[Date "2018.02.25"]
[Round "6.6"]
[White "Hornecker, Siegfried"]
[Black "Kupfernagel, Michael"]
[Result "1-0"]
[WhiteElo "1872"]
[BlackElo "1935"]
[PlyCount "47"]
[EventDate "2017.??.??"]
[EventType "team-tourn"]
[EventRounds "9"]
[SourceDate "2017.10.08"]
[WhiteTeam "SG Guestrow/Teterow"]
[BlackTeam "SF Schwerin III"]

1. e4 c5 2. Nf3 d6 3. d4 cxd4 4. Nxd4 Nf6 5. Nc3 a6 6. a4 e5 7. Nb3 Be6 8. Be2
Nbd7 9. Be3 Be7 10. O-O O-O 11. Kh1 Rc8 12. f3 Qc7 13. f4 Nb6 14. f5 Bc4 15. g4
Bxe2 16. Qxe2 Nc4 17. Bc1 h6 18. h4 Nb6 19. g5 hxg5 20. hxg5 Nh7 21. Qh5 Qd8
22. Rf2 Bxg5 23. Rh2 Bh6 24. Bxh6 1-0

[Event "VL 2017/18"]
[Site "Mecklenburg-Vorpommern"]
[Date "2018.02.25"]
[Round "6.7"]
[White "Voll, Andreas"]
[Black "Ebert, Lutz"]
[Result "1-0"]
[WhiteElo "1819"]
[BlackElo "1723"]
[PlyCount "81"]
[EventDate "2017.??.??"]
[EventType "team-tourn"]
[EventRounds "9"]
[SourceDate "2017.10.08"]
[WhiteTeam "SF Schwerin III"]
[BlackTeam "SG Guestrow/Teterow"]

1. Nf3 d5 2. d4 e6 3. Bf4 Bd6 4. Bg3 Nf6 5. e3 Ne4 6. Bxd6 Qxd6 7. Bd3 Nf6 8.
O-O O-O 9. Nbd2 b6 10. e4 dxe4 11. Nxe4 Nxe4 12. Bxe4 c6 13. Ne5 f5 14. Bf3 Bb7
15. c3 Nd7 16. Re1 Rf6 17. Qb3 Kh8 18. a4 Qc7 19. Rad1 Nxe5 20. Rxe5 Qd6 21. a5
b5 22. Rde1 Re8 23. c4 a6 24. d5 cxd5 25. cxd5 Bc8 26. Qc3 Bd7 27. Qe3 Qb4 28.
Qa7 Bc8 29. Qc7 Qxb2 30. d6 Qd4 31. Bc6 Ref8 32. d7 Bxd7 33. Qxd7 Rd8 34. Qxd4
Rxd4 35. h3 Rd6 36. Bd5 h6 37. Bxe6 g6 38. Bb3 h5 39. Re7 Rd3 40. Rc7 Rf8 41.
Ree7 1-0